书目信息 |
| 题名: |
御苑兰馨记
|
|
| 作者: | 德龄 著 ;李葆真 , 顾秋心 译 | |
| 分册: | ||
| 出版信息: | 北京 文化艺术出版社 2004 |
|
| 页数: | 343页 | |
| 开本: | 20cm | |
| 丛书名: | ||
| 单 册: | ||
| 中图分类: | K827=52 , K252.066 , K827 | |
| 科图分类: | ||
| 主题词: | 宫廷--中国--清后期--史料 , 宫廷 | |
| 电子资源: | ||
| ISBN: | 7-5039-2466-7 | |
| 000 | 00981nam0 2200301 450 | |
| 001 | 1531826946 | |
| 005 | 20150121085041.86 | |
| 010 | @a7-5039-2466-7@dCNY16.00 | |
| 100 | @a20040526d2004 em y0chiy50 ea | |
| 101 | 0 | @achi |
| 102 | @aCN@b110000 | |
| 105 | @ay z 000yy | |
| 200 | 1 | @a御苑兰馨记@9yu yuan lan xin ji@f(清)德龄著@g李葆真,顾秋心译 |
| 210 | @a北京@c文化艺术出版社@d2004 | |
| 215 | @a343页@d20cm | |
| 330 | @a本书是慈禧的“御前女官”以亲见亲历的视角记述其随侍慈禧两年来的目睹当时高层统治者的生活实情的记录,阐述了清宫生活的历史。 | |
| 600 | 0 | @a西太后@f(1835~1908)@x生平事迹 |
| 600 | 0 | @a西太后@f(1835~1908) |
| 606 | 0 | @a宫廷@y中国@z清后期@j史料 |
| 606 | 0 | @a宫廷 |
| 690 | @aK827=52@v5 | |
| 690 | @aK252.066@v5 | |
| 690 | @aK827@v4 | |
| 701 | 0 | @c(美)@a德龄@9de ling@c(女,@f1886~1944)@4著 |
| 702 | 0 | @a李葆真@9li bao zhen@4译 |
| 702 | 0 | @a顾秋心@9gu qiu xin@c(女,@f1924~)@4译 |
| 801 | 0 | @aCN@bTSSF@c20150121 |
| 905 | @aZUCC@dK827@eJY166 | |
| 御苑兰馨记/(清)德龄著/李葆真,顾秋心译.-北京:文化艺术出版社,2004 |
| 343页;20cm |
| ISBN 7-5039-2466-7:CNY16.00 |
| 本书是慈禧的“御前女官”以亲见亲历的视角记述其随侍慈禧两年来的目睹当时高层统治者的生活实情的记录,阐述了清宫生活的历史。 |
| ● |
| 相关链接 |
|
|
|
|
正题名:御苑兰馨记
索取号:K827/JY166
 
预约/预借
| 序号 | 登录号 | 条形码 | 馆藏地/架位号 | 状态 | 备注 |
| 1 | 7836569 | 278365699 | 学院路分馆/ [索取号:K827/JY166] | 在馆 |